书目信息 |
| 题名: |
漫画达尔文
|
|
| 作者: | 田中裕 著 ;姚争 译 | |
| 分册: | ||
| 出版信息: | 香港 明报出版社有限公司 1996.10 |
|
| 页数: | 211页 | |
| 开本: | 20cm | |
| 丛书名: | 漫画科学家 | |
| 单 册: | ||
| 中图分类: | J238.1 | |
| 科图分类: | ||
| 主题词: | 漫画:连环画--日本--现代 , 连环画:漫画--日本--现代 | |
| 电子资源: | ||
| ISBN: | 7-5062-2881-5 | |
| 000 | 00801nam2 2200253 450 | |
| 001 | 0197018569 | |
| 005 | 19970730135337.0 | |
| 010 | @a7-5062-2881-5@dCNY9.80 | |
| 100 | @a19970711d1996 em y0chiy0121 ea | |
| 101 | 1 | @achi@cjpn |
| 102 | @aCN@b110000 | |
| 105 | @aa t 000yy | |
| 200 | 10 | @a漫画达尔文@Aman hua da er wen@e震撼全球的万物进化论@f(日)田中裕著@F(ri)tian zhong yu zhu@g姚争译@Gyao zheng yi |
| 210 | @a香港@c明报出版社有限公司@a北京@c世界图书出版公司@d1996.10 | |
| 215 | @a211页@d20cm | |
| 225 | 2 | @a漫画科学家@e系列丛书 |
| 410 | 0 | @120010@a漫画科学家 |
| 606 | @a漫画:连环画@y日本@z现代 | |
| 606 | @a连环画:漫画@y日本@z现代 | |
| 690 | @aJ238.1@v3 | |
| 701 | 0 | @a田中裕@Atian zhong yu@4著 |
| 702 | 0 | @a姚争@Ayao zheng@4译 |
| 801 | 0 | @aCN@bNLC@c19970730 |
| 905 | @aBZT@dJ238.1@e1 | |
| 漫画达尔文:震撼全球的万物进化论/(日)田中裕著/姚争译.-香港:明报出版社有限公司;北京:世界图书出版公司,1996.10 |
| 211页;20cm.-(漫画科学家:系列丛书) |
| ISBN 7-5062-2881-5:CNY9.80 |
| ● |
| 相关链接 |
|
|
|
正题名:漫画达尔文
索取号:J238.1/1
 
预约/预借
| 序号 | 登录号 | 条形码 | 馆藏地/架位号 | 状态 | 备注 |
| 1 | 437451 | 210663824 | 中心书库中库/ 中库018架A面4列4层20/ [索取号:J238.1/1] | 在馆 | |
| 2 | 437452 | 210663815 | 中心书库中库/ 中库018架A面4列4层10/ [索取号:J238.1/1] | 在馆 | |
| 3 | 437453 | 210663806 | 中心书库中库/ 中库018架A面4列4层9/ [索取号:J238.1/1] | 在馆 | |
| 4 | 437454 | 210663799 | 中心书库中库/ 中库018架A面4列4层28/ [索取号:J238.1/1] | 在馆 | |
| 5 | 437456 | 210663771 | 中心书库中库/ 中库018架A面4列4层17/ [索取号:J238.1/1] | 在馆 | |
| 6 | 437457 | 210663762 | 中心书库中库/ 中库018架B面1列6层2/ [索取号:J238.1/1] | 在馆 | |
| 7 | 437458 | 210663753 | 中心书库中库/ 中库018架A面4列4层27/ [索取号:J238.1/1] | 在馆 | |
| 8 | 437459 | 210663735 | 中心书库中库/ 中库018架A面4列4层25/ [索取号:J238.1/1] | 在馆 | |
| 9 | 437460 | 210663744 | 中心书库中库/ 中库018架A面4列4层6/ [索取号:J238.1/1] | 在馆 |